000 00742cab a2200229 4500
001 ABS39717
008 090401t1988 xxu||||| |||| 00| 0 eng d
035 _a(Sirsi) u18553
041 _aeng
100 _aPawlowski, M.
245 _aRights of light: calculation of injury
260 _c1988
350 _a0
490 _aEstates Gazette
_v(8834) 27 August 1988, 46-49(3)
520 _aGuide to what quantity of light the dominant owner is entitled to and how that quantity can be measured looking at relevant case law .
650 _aCARR-SAUNDERS V DICK MCNEIL ASSOCIATES LTD
650 _aMeasurement
_96256
650 _aRIGHT TO LIGHT
690 _aHIGHWAYS RIGHTS OF WAY AND EASEMENTS
942 _n0
948 _c04/03/1997
999 _c12341
_d12341